[Event "Men-Tehran"]
[Site "?"]
[Date "2015.09.17"]
[Round "6.20"]
[White "Javanbakht, Nima"]
[Black "Firouzja, Alireza"]
[Result "0-1"]
[BlackElo "2323"]
[WhiteElo "2405"]
[LiveChessVersion "1.4.6"]

1. d4 {[%clk 1:30:52]} Nf6 {[%clk 1:26:46]} 2. c4 {[%clk 1:31:08]} g6
{[%clk 1:27:09]} 3. Nc3 {[%clk 1:31:29]} d5 {[%clk 1:27:32]} 4. Nf3
{[%clk 1:31:54]} Bg7 {[%clk 1:27:54]} 5. h4 {[%clk 1:32:17]} c6 {[%clk 1:21:23]}
6. Bg5 {[%clk 1:31:00]} dxc4 {[%clk 1:16:04]} 7. Bxf6 {[%clk 1:30:14]} exf6
{[%clk 1:13:43]} 8. e3 {[%clk 1:30:33]} Be6 {[%clk 1:07:09]} 9. Nd2
{[%clk 1:30:27]} b5 {[%clk 1:04:38]} 10. a4 {[%clk 1:30:15]} b4 {[%clk 1:03:54]}
11. Ne2 {[%clk 1:29:34]} f5 {[%clk 0:56:05]} 12. Nf4 {[%clk 1:19:11]} c3
{[%clk 0:54:19]} 13. bxc3 {[%clk 1:19:18]} bxc3 {[%clk 0:54:40]} 14. Nf3
{[%clk 1:01:27]} Bd5 {[%clk 0:46:15]} 15. Rc1 {[%clk 0:54:13]} O-O
{[%clk 0:40:41]} 16. h5 {[%clk 0:47:58]} Qa5 {[%clk 0:38:28]} 17. Bd3
{[%clk 0:45:56]} Nd7 {[%clk 0:35:48]} 18. h6 {[%clk 0:29:11]} Bf6
{[%clk 0:35:23]} 19. O-O {[%clk 0:29:06]} Nb6 {[%clk 0:34:39]} 20. Ne5
{[%clk 0:20:36]} Rac8 {[%clk 0:23:23]} 21. Qc2 {[%clk 0:16:42]} Bxe5
{[%clk 0:18:25]} 22. dxe5 {[%clk 0:17:03]} Rce8 {[%clk 0:16:44]} 23. Bxf5
{[%clk 0:13:26]} Rxe5 {[%clk 0:14:19]} 24. Bd3 {[%clk 0:13:51]} Rfe8
{[%clk 0:13:20]} 25. Ra1 {[%clk 0:09:51]} Qb4 {[%clk 0:09:35]} 26. Rfb1
{[%clk 0:08:32]} Qf8 {[%clk 0:09:46]} 27. a5 {[%clk 0:08:41]} Nd7
{[%clk 0:07:52]} 28. Nxd5 {[%clk 0:05:28]} Rxd5 {[%clk 0:06:44]} 29. Qxc3
{[%clk 0:05:53]} Qxh6 {[%clk 0:05:52]} 30. Qxc6 {[%clk 0:05:44]} Rh5
{[%clk 0:05:57]} 31. g3 {[%clk 0:03:57]} Rxe3 {[%clk 0:04:23]} 32. Be4
{[%clk 0:01:04]} Ne5 {[%clk 0:01:21]} 33. Qc8+ {[%clk 0:00:40]} Kg7
{[%clk 0:01:45]} 34. Rb8 {[%clk 0:00:37]} Rxg3+ {[%clk 0:01:20]} 35. fxg3
{[%clk 0:00:59]} Qe3+ {[%clk 0:01:44]} 36. Kf1 {[%clk 0:01:26]} Qxe4
{[%clk 0:01:52]} 37. Qf8+ {[%clk 0:01:23]} Kf6 {[%clk 0:02:13]} 38. Qd6+
{[%clk 0:01:06]} Kf5 {[%clk 0:02:19]} 39. g4+ {[%clk 0:01:01]} Qxg4
{[%clk 0:02:37]} 0-1

[Event "Men-Tehran"]
[Site "?"]
[Date "2015.09.17"]
[Round "6.21"]
[White "Ryahi, Naser"]
[Black "Fendereski, Nima"]
[Result "1/2-1/2"]
[BlackElo "2242"]
[WhiteElo "2185"]
[LiveChessVersion "1.4.6"]

1. Nf3 c5 2. b3 Nf6 3. Bb2 Nc6 4. e3 g6 5. Bxf6 exf6 6. c4 Bg7 7. Nc3 Ne7 8. Be2
O-O 9. O-O d5 10. cxd5 Nxd5 11. Nxd5 Qxd5 12. Bc4 Qd8 13. d4 f5 14. Rc1 cxd4 15.
exd4 b6 16. d5 Bb7 17. a4 Qd6 18. Nd4 a6 19. Nc6 Rfe8 20. Re1 Kh8 21. Qf3 Bf6 22.
Qg3 f4 23. Qf3 Kg7 24. h3 Rac8 25. Rxe8 Rxe8 26. Rd1 Bc8 27. Kf1 h5 28. Re1 Rxe1+
29. Kxe1 Qa3 30. Qd1 Qd6 31. Kf1 Bd7 32. Qf3 Bc8 33. Kg1 Bb7 1/2-1/2

[Event "Men-Tehran"]
[Site "?"]
[Date "2015.09.17"]
[Round "6.22"]
[White "Tahbaz, Arash"]
[Black "Faridi, Faham"]
[Result "1-0"]
[BlackElo "1981"]
[WhiteElo "2342"]
[LiveChessVersion "1.4.6"]

1. e4 e5 2. Nf3 Nf6 3. Nxe5 Nxe4 4. Qe2 Qe7 5. Qxe4 d6 6. d4 dxe5 7. dxe5 Nc6 8.
Bb5 Bd7 9. Nc3 O-O-O 10. Bf4 g5 11. Bg3 Re8 12. Qe3 f5 13. f4 Qc5 14. Qxc5 Bxc5
15. fxg5 Nxe5 16. O-O-O Be3+ 17. Kb1 c6 18. Be2 f4 19. Be1 Bf5 20. Rf1 Rhg8 21.
Bd2 Ng4 22. h3 Nf2 23. Bxe3 Nxd1 24. Nxd1 Rgf8 25. Rxf4 Bxc2+ 26. Kxc2 Rxf4 27.
Bh5 Rxe3 28. Nxe3 Rf2+ 29. Kc3 b5 30. Bg4+ Kc7 31. Bf5 Re2 32. Kd3 Rxb2 33. Bxh7
c5 34. g6 b4 35. g7 1-0

[Event "Men-Tehran"]
[Site "?"]
[Date "2015.09.17"]
[Round "6.23"]
[White "Nejadshirazi, Mohammad Reza"]
[Black "Rastbod, Ali"]
[Result "1-0"]
[BlackElo "2190"]
[WhiteElo "1973"]
[LiveChessVersion "1.4.6"]

1. d4 d5 2. c4 e6 3. Nc3 Nf6 4. cxd5 exd5 5. Qc2 c6 6. Bg5 Be7 7. e3 O-O 8. Bd3
h6 9. Bh4 Re8 10. Nf3 Ne4 11. Bxe7 Qxe7 12. O-O Nd7 13. b4 f5 14. b5 Qd6 15. Rac1
g5 16. bxc6 bxc6 17. Na4 Re6 18. Nd2 Rb8 19. Rb1 Rxb1 20. Rxb1 Ndf6 21. Nf1 g4
22. f3 gxf3 23. gxf3 Ng5 24. Bxf5 Nxf3+ 25. Kh1 Nh4 26. Bxe6+ Qxe6 27. Nc5 Qh3
28. Qf2 Kf7 29. Nd3 Bf5 30. Ne5+ Ke6 31. Rb2 Ng4 32. Qf4 Be4+ 33. Kg1 Nf6 34. Rf2
Nf5 35. Ng3 h5 36. Nxf5 Qxf5 37. Qxf5+ Bxf5 38. Nxc6 Ng4 39. Rb2 Be4 40. Nxa7
Nxe3 41. Rb6+ Kf5 42. Nc6 1-0

[Event "Men-Tehran"]
[Site "?"]
[Date "2015.09.17"]
[Round "7.1"]
[White "Khodashenas, M."]
[Black "Ryahi, N."]
[Result "1-0"]
[BlackElo "2185"]
[WhiteElo "2343"]
[LiveChessVersion "1.4.6"]

1. e4 c6 2. d4 d5 3. Nc3 dxe4 4. Nxe4 Nf6 5. Nxf6+ gxf6 6. Ne2 h5 7. Nf4 h4 8.
Be3 Bf5 9. Bd3 e6 10. Bxf5 Qa5+ 11. c3 Qxf5 12. Qb3 b6 13. O-O-O Bd6 14. g3 Nd7
15. Qa4 Qb5 16. Qxb5 cxb5 17. Ng2 h3 18. Ne1 f5 19. Nd3 Nf6 20. Bf4 Bxf4+ 21.
Nxf4 O-O-O 22. f3 Nd5 23. Nxd5 Rxd5 24. Rhe1 Kd7 25. Re5 Kd6 26. Rde1 a6 27. Kd2
Rxe5 28. Rxe5 f6 29. Re1 e5 30. dxe5+ fxe5 31. g4 f4 32. Ra1 e4 33. Ke2 e3 34.
Rd1+ Kc5 35. Rd4 Rf8 36. g5 a5 37. g6 Rg8 38. Rxf4 Rxg6 39. Rg4 Re6 40. Rg3 b4
41. cxb4+ Kxb4 42. f4 Rc6 43. f5 Rc2+ 44. Kxe3 Kc5 45. f6 Kd6 46. Rf3 Rc8 47. f7
Rf8 48. a4 Ke5 49. Rf4 Kd5 50. Kf3 Ke5 51. Kg4 Ke6 52. Kxh3 Ke7 53. Kg4 Rc8 54.
f8=Q+ 1-0

[Event "Men-Tehran"]
[Site "?"]
[Date "2015.09.17"]
[Round "7.2"]
[White "Faridi, F."]
[Black "Godarz, K."]
[Result "0-1"]
[BlackElo "2102"]
[WhiteElo "1981"]
[LiveChessVersion "1.4.6"]

1. e4 {[%clk 1:27:17]} d5 {[%clk 1:30:34]} 2. exd5 {[%clk 1:27:12]} Nf6
{[%clk 1:31:02]} 3. c4 {[%clk 1:25:07]} e6 {[%clk 1:31:31]} 4. d4
{[%clk 1:23:48]} exd5 {[%clk 1:31:55]} 5. Nc3 {[%clk 1:23:39]} Bb4
{[%clk 1:31:47]} 6. Nf3 {[%clk 1:22:24]} O-O {[%clk 1:31:59]} 7. Be2
{[%clk 1:22:15]} dxc4 {[%clk 1:32:26]} 8. O-O {[%clk 1:21:38]} Bg4
{[%clk 1:30:59]} 9. Bg5 {[%clk 1:17:28]} Nc6 {[%clk 1:24:30]} 10. Qa4
{[%clk 1:13:15]} Re8 {[%clk 1:19:04]} 11. Bxc4 {[%clk 0:48:48]} Bxf3
{[%clk 1:17:15]} 12. gxf3 {[%clk 0:49:02]} Qxd4 {[%clk 1:13:30]} 13. Bxf6
{[%clk 0:34:01]} Qxc4 {[%clk 1:08:59]} 14. Ne4 {[%clk 0:32:20]} gxf6
{[%clk 1:05:45]} 15. Nxf6+ {[%clk 0:29:10]} Kh8 {[%clk 1:06:03]} 16. Nxe8
{[%clk 0:22:20]} Rxe8 {[%clk 1:06:19]} 0-1

[Event "Men-Tehran"]
[Site "?"]
[Date "2015.09.17"]
[Round "7.3"]
[White "Vojdani, S."]
[Black "Afshari, M."]
[Result "1/2-1/2"]
[BlackElo "2138"]
[WhiteElo "2125"]
[LiveChessVersion "1.4.6"]

1. e4 {[%clk 1:30:58]} c5 {[%clk 1:28:02]} 2. Nf3 {[%clk 1:31:15]} d6
{[%clk 1:28:17]} 3. d4 {[%clk 1:31:36]} cxd4 {[%clk 1:28:43]} 4. Nxd4
{[%clk 1:31:59]} Nf6 {[%clk 1:29:10]} 5. Nc3 {[%clk 1:32:12]} g6 {[%clk 1:28:09]}
6. Be3 {[%clk 1:32:33]} Bg7 {[%clk 1:28:34]} 7. f3 {[%clk 1:32:55]} Nc6
{[%clk 1:28:54]} 8. Qd2 {[%clk 1:32:58]} O-O {[%clk 1:29:22]} 9. Bc4
{[%clk 1:33:14]} Bd7 {[%clk 1:29:36]} 10. O-O-O {[%clk 1:33:23]} Rc8
{[%clk 1:30:02]} 11. Bb3 {[%clk 1:33:35]} Nxd4 {[%clk 1:30:08]} 12. Bxd4
{[%clk 1:33:19]} b5 {[%clk 1:30:33]} 13. e5 {[%clk 1:18:48]} dxe5
{[%clk 1:29:56]} 14. Bxe5 {[%clk 1:19:07]} Bc6 {[%clk 1:30:14]} 15. Nd5
{[%clk 1:13:57]} Nxd5 {[%clk 1:12:19]} 16. Bxg7 {[%clk 1:14:01]} Kxg7
{[%clk 1:12:36]} 17. Bxd5 {[%clk 1:14:21]} Bxd5 {[%clk 1:12:01]} 18. Qxd5
{[%clk 1:14:38]} Qc7 {[%clk 1:12:18]} 19. c3 {[%clk 1:11:03]} a6 {[%clk 1:01:56]}
20. g3 {[%clk 1:05:27]} Rfd8 {[%clk 0:57:21]} 21. Qe4 {[%clk 1:05:16]} a5
{[%clk 0:56:03]} 22. Rhe1 {[%clk 0:59:39]} Rxd1+ {[%clk 0:49:32]} 23. Kxd1
{[%clk 0:59:34]} b4 {[%clk 0:46:23]} 24. Qe5+ {[%clk 0:54:01]} Qxe5
{[%clk 0:46:11]} 25. Rxe5 {[%clk 0:54:22]} bxc3 {[%clk 0:46:38]} 26. Kc2
{[%clk 0:54:27]} cxb2+ {[%clk 0:45:34]} 27. Kxb2 {[%clk 0:54:43]} Rd8
{[%clk 0:41:26]} 28. Kc2 {[%clk 0:53:25]} Rc8+ {[%clk 0:34:16]} 1/2-1/2

[Event "Men-Tehran"]
[Site "?"]
[Date "2015.09.17"]
[Round "7.4"]
[White "Nejadshirazi, M."]
[Black "Oliyazade, P."]
[Result "1-0"]
[BlackElo "2057"]
[WhiteElo "1973"]
[LiveChessVersion "1.4.6"]

1. d4 {[%clk 1:28:45]} Nf6 {[%clk 1:30:55]} 2. Nf3 {[%clk 1:28:41]} g6
{[%clk 1:31:04]} 3. c4 {[%clk 1:29:04]} Bg7 {[%clk 1:31:31]} 4. Nc3
{[%clk 1:29:29]} O-O {[%clk 1:31:57]} 5. e4 {[%clk 1:29:50]} d6 {[%clk 1:32:24]}
6. Be2 {[%clk 1:30:15]} c5 {[%clk 1:32:50]} 7. d5 {[%clk 1:30:31]} Na6
{[%clk 1:33:15]} 8. O-O {[%clk 1:30:28]} Nc7 {[%clk 1:33:41]} 9. h3
{[%clk 1:29:43]} Rb8 {[%clk 1:33:01]} 10. Bf4 {[%clk 1:27:29]} Bd7
{[%clk 1:29:13]} 11. e5 {[%clk 1:26:04]} Nfe8 {[%clk 1:29:24]} 12. a4
{[%clk 1:16:47]} b6 {[%clk 1:26:17]} 13. Qd2 {[%clk 1:16:19]} a6 {[%clk 1:26:02]}
14. Ne4 {[%clk 1:12:09]} Bf5 {[%clk 1:21:26]} 15. Ng3 {[%clk 1:09:20]} Bd7
{[%clk 1:18:50]} 16. Ra3 {[%clk 1:03:14]} b5 {[%clk 1:13:36]} 17. axb5
{[%clk 1:02:56]} axb5 {[%clk 1:13:50]} 18. b3 {[%clk 1:00:03]} bxc4
{[%clk 0:52:17]} 19. bxc4 {[%clk 1:00:14]} Rb4 {[%clk 0:49:07]} 20. Bh6
{[%clk 0:56:41]} Na8 {[%clk 0:31:32]} 21. Bxg7 {[%clk 0:54:46]} Kxg7
{[%clk 0:31:24]} 22. Qc3 {[%clk 0:53:06]} Kg8 {[%clk 0:30:59]} 23. Rfa1
{[%clk 0:47:26]} Nb6 {[%clk 0:29:34]} 24. Rb3 {[%clk 0:41:32]} Na4
{[%clk 0:22:23]} 25. Qe3 {[%clk 0:37:38]} dxe5 {[%clk 0:09:24]} 26. Rxb4
{[%clk 0:35:21]} cxb4 {[%clk 0:09:46]} 27. Nxe5 {[%clk 0:34:17]} Nf6
{[%clk 0:07:04]} 28. Qb3 {[%clk 0:30:43]} Nc3 {[%clk 0:03:52]} 29. Qxb4
{[%clk 0:29:50]} Nxe2+ {[%clk 0:04:00]} 30. Nxe2 {[%clk 0:30:14]} Bf5
{[%clk 0:02:55]} 31. Nc6 {[%clk 0:30:06]} Qd7 {[%clk 0:02:40]} 32. Ra7
{[%clk 0:29:56]} Qe8 {[%clk 0:02:53]} 33. Nxe7+ {[%clk 0:29:12]} Kg7
{[%clk 0:03:14]} 34. Nxf5+ {[%clk 0:26:05]} gxf5 {[%clk 0:03:42]} 35. Nf4
{[%clk 0:23:39]} Qe5 {[%clk 0:03:38]} 36. Ne6+ {[%clk 0:23:16]} 1-0

[Event "Men-Tehran"]
[Site "?"]
[Date "2015.09.17"]
[Round "7.5"]
[White "Ghaem Maghami, E."]
[Black "Kazerooni, S."]
[Result "1-0"]
[BlackElo "1928"]
[WhiteElo "2596"]
[LiveChessVersion "1.4.6"]

1. Nf3 {[%clk 1:30:05]} Nf6 {[%clk 1:30:06]} 2. c4 {[%clk 1:30:24]} e6
{[%clk 1:30:00]} 3. g3 {[%clk 1:29:49]} d5 {[%clk 1:30:08]} 4. d4
{[%clk 1:29:46]} Be7 {[%clk 1:29:49]} 5. Bg2 {[%clk 1:29:56]} O-O
{[%clk 1:29:41]} 6. Nbd2 {[%clk 1:29:42]} b6 {[%clk 1:26:25]} 7. O-O
{[%clk 1:28:53]} Bb7 {[%clk 1:25:44]} 8. cxd5 {[%clk 1:28:32]} exd5
{[%clk 1:25:05]} 9. Nb1 {[%clk 1:28:21]} Nbd7 {[%clk 1:20:22]} 10. Nc3
{[%clk 1:27:45]} Ne4 {[%clk 1:17:38]} 11. Qb3 {[%clk 1:26:33]} Nxc3
{[%clk 1:08:04]} 12. bxc3 {[%clk 1:25:12]} c5 {[%clk 1:00:59]} 13. Bf4
{[%clk 1:21:30]} Nf6 {[%clk 0:59:34]} 14. dxc5 {[%clk 1:11:04]} Bxc5
{[%clk 0:58:58]} 15. Bg5 {[%clk 1:11:26]} h6 {[%clk 0:58:10]} 16. Bxf6
{[%clk 1:11:43]} Qxf6 {[%clk 0:58:17]} 17. e3 {[%clk 1:10:05]} Rac8
{[%clk 0:46:21]} 18. Rfd1 {[%clk 1:06:18]} Rc7 {[%clk 0:38:25]} 19. Nd4
{[%clk 0:59:41]} Bxd4 {[%clk 0:34:00]} 20. Rxd4 {[%clk 0:54:16]} Rfc8
{[%clk 0:32:20]} 21. Rc1 {[%clk 0:54:09]} Rc4 {[%clk 0:23:32]} 22. Qa3
{[%clk 0:52:23]} a6 {[%clk 0:19:32]} 23. Qb2 {[%clk 0:50:30]} b5 {[%clk 0:13:40]}
24. a3 {[%clk 0:47:09]} Qe6 {[%clk 0:10:22]} 25. h4 {[%clk 0:42:19]} R4c5
{[%clk 0:04:21]} 26. a4 {[%clk 0:40:24]} Qb6 {[%clk 0:02:45]} 27. Bh3
{[%clk 0:34:55]} R8c7 {[%clk 0:02:21]} 28. Bf1 {[%clk 0:34:55]} Qa5
{[%clk 0:01:58]} 29. axb5 {[%clk 0:33:44]} axb5 {[%clk 0:02:21]} 30. Rb4
{[%clk 0:33:46]} Ba6 {[%clk 0:01:27]} 31. Rb3 {[%clk 0:30:14]} R7c6
{[%clk 0:01:15]} 32. Ra1 {[%clk 0:29:44]} Qc7 {[%clk 0:01:16]} 33. Bxb5
{[%clk 0:25:56]} Bxb5 {[%clk 0:01:40]} 34. Rxb5 {[%clk 0:26:21]} Rxb5
{[%clk 0:00:56]} 35. Qxb5 {[%clk 0:26:36]} Rxc3 {[%clk 0:00:58]} 36. Qxd5
{[%clk 0:23:10]} Qc6 {[%clk 0:01:00]} 37. Ra8+ {[%clk 0:20:04]} Kh7
{[%clk 0:01:23]} 38. Qf5+ {[%clk 0:20:16]} Qg6 {[%clk 0:01:47]} 39. Ra5
{[%clk 0:20:30]} Rc4 {[%clk 0:00:56]} 40. h5 {[%clk 0:20:04]} Qxf5
{[%clk 0:01:21]} 41. Rxf5 {[%clk 0:20:30]} Kg8 {[%clk 0:01:16]} 42. Kg2
{[%clk 0:20:55]} g6 {[%clk 0:01:19]} 43. hxg6 {[%clk 0:20:10]} fxg6
{[%clk 0:01:45]} 44. Rd5 {[%clk 0:20:35]} Kf7 {[%clk 0:01:55]} 45. Rd6
{[%clk 0:20:49]} Ra4 {[%clk 0:00:50]} 46. Rd4 {[%clk 0:20:29]} Ra5
{[%clk 0:00:48]} 47. f4 {[%clk 0:20:40]} Ra2+ {[%clk 0:00:45]} 48. Kf3
{[%clk 0:21:04]} Ke6 {[%clk 0:00:49]} 49. g4 {[%clk 0:21:03]} Ra3
{[%clk 0:00:46]} 50. Ke4 {[%clk 0:21:27]} Ra5 {[%clk 0:00:56]} 51. Rb4
{[%clk 0:21:28]} Rc5 {[%clk 0:00:37]} 52. f5+ {[%clk 0:21:35]} gxf5+
{[%clk 0:00:42]} 53. gxf5+ {[%clk 0:21:58]} Kf7 {[%clk 0:00:58]} 54. Rb7+
{[%clk 0:22:11]} Kf6 {[%clk 0:00:41]} 55. Rb6+ {[%clk 0:22:36]} Kg7
{[%clk 0:01:04]} 56. Kf4 {[%clk 0:22:55]} h5 {[%clk 0:00:50]} 57. e4
{[%clk 0:23:14]} Rc4 {[%clk 0:00:54]} 58. Rg6+ {[%clk 0:23:30]} Kh7
{[%clk 0:00:56]} 59. Rg1 {[%clk 0:23:52]} Ra4 {[%clk 0:00:41]} 60. f6
{[%clk 0:24:14]} Ra2 {[%clk 0:00:45]} 61. e5 {[%clk 0:23:37]} h4 {[%clk 0:00:41]}
62. e6 {[%clk 0:23:46]} Rf2+ {[%clk 0:00:38]} 63. Ke5 {[%clk 0:24:04]} h3
{[%clk 0:00:45]} 64. e7 {[%clk 0:23:37]} Re2+ {[%clk 0:00:43]} 65. Kf5
{[%clk 0:23:56]} h2 {[%clk 0:00:58]} 66. Rh1 {[%clk 0:24:12]} Rf2+
{[%clk 0:01:00]} 67. Ke6 {[%clk 0:24:02]} Re2+ {[%clk 0:00:46]} 68. Kf7
{[%clk 0:24:26]} 1-0

[Event "Men-Tehran"]
[Site "?"]
[Date "2015.09.17"]
[Round "7.6"]
[White "Momenzadeh, M."]
[Black "Golizadeh, A."]
[Result "0-1"]
[BlackElo "2447"]
[WhiteElo "1899"]
[LiveChessVersion "1.4.6"]

1. e4 c5 2. Nf3 e6 3. c3 Nf6 4. e5 Nd5 5. d4 cxd4 6. cxd4 d6 7. a3 Nd7 8. Bd3
dxe5 9. dxe5 Nc5 10. Bc2 a5 11. O-O Be7 12. Bd2 b6 13. Nc3 Ba6 14. Re1 Nd3 15.
Bxd3 Nxc3 16. Bxc3 Qxd3 17. Qa4+ Bb5 18. Qf4 Bc6 19. Nd4 g5 20. Qe3 Qxe3 21. Rxe3
Bd5 22. Rd3 Rd8 23. Rad1 Be4 24. R3d2 O-O 25. Ne2 Rxd2 26. Rxd2 Bd5 27. Ng3 Rc8
28. Nh5 b5 29. h3 b4 30. axb4 axb4 31. Bd4 Bc6 32. Be3 h6 33. Rc2 Kh7 34. Ng3 Kg6
35. Ne2 Bb7 36. Rd2 Bd5 37. Bd4 h5 38. Kh2 h4 39. g4 hxg3+ 40. fxg3 Ra8 41. g4
Ra1 42. Ng3 Re1 43. Nh5 f5 44. Kg3 Rf1 45. Kh2 f4 0-1

[Event "Men-Tehran"]
[Site "?"]
[Date "2015.09.17"]
[Round "7.8"]
[White "Motaghi, S."]
[Black "Hosseinzadeh, N."]
[Result "0-1"]
[BlackElo "2176"]
[WhiteElo "1662"]
[LiveChessVersion "1.4.6"]

1. e4 {[%clk 1:30:18]} c5 {[%clk 1:29:49]} 2. Nf3 {[%clk 1:30:46]} d6
{[%clk 1:30:11]} 3. d4 {[%clk 1:31:10]} cxd4 {[%clk 1:30:36]} 4. Nxd4
{[%clk 1:31:34]} Nf6 {[%clk 1:31:03]} 5. Nc3 {[%clk 1:31:56]} e6 {[%clk 1:31:10]}
6. Be3 {[%clk 1:30:05]} a6 {[%clk 1:31:28]} 7. Be2 {[%clk 1:30:16]} Be7
{[%clk 1:31:50]} 8. O-O {[%clk 1:30:24]} Qc7 {[%clk 1:32:02]} 9. f4
{[%clk 1:29:19]} O-O {[%clk 1:32:07]} 10. Qe1 {[%clk 1:29:04]} b5
{[%clk 1:30:55]} 11. a3 {[%clk 1:27:29]} Bb7 {[%clk 1:30:54]} 12. Bf3
{[%clk 1:27:03]} Nbd7 {[%clk 1:30:58]} 13. Rd1 {[%clk 1:24:04]} Rfe8 14. Bf2
{[%clk 1:09:24]} Bf8 {[%clk 1:13:30]} 15. Bg3 {[%clk 1:06:56]} Nb6
{[%clk 0:53:33]} 16. e5 {[%clk 0:49:43]} dxe5 {[%clk 0:50:59]} 17. Bxb7
{[%clk 0:42:31]} exd4 {[%clk 0:46:10]} 18. Bxa8 {[%clk 0:40:56]} dxc3
{[%clk 0:46:18]} 19. Bf3 {[%clk 0:40:43]} cxb2 {[%clk 0:46:36]} 20. Bf2
{[%clk 0:31:07]} Na4 {[%clk 0:46:21]} 21. Bd4 {[%clk 0:16:51]} Bxa3
{[%clk 0:43:14]} 22. Bxf6 {[%clk 0:15:37]} gxf6 {[%clk 0:43:27]} 23. Qg3+
{[%clk 0:13:48]} Kh8 {[%clk 0:42:00]} 24. Qh4 {[%clk 0:10:44]} Be7
{[%clk 0:41:13]} 25. f5 {[%clk 0:01:31]} e5 {[%clk 0:40:21]} 26. Be4
{[%clk 0:00:55]} Nc3 {[%clk 0:40:12]} 27. Rd3 {[%clk 0:00:48]} Nxe4
{[%clk 0:36:59]} 28. Qxe4 {[%clk 0:00:41]} Qxc2 {[%clk 0:37:00]} 0-1

[Event "Men-Tehran"]
[Site "?"]
[Date "2015.09.17"]
[Round "7.9"]
[White "Pashikian, A."]
[Black "Bolourchifard, F."]
[Result "0-1"]
[BlackElo "2229"]
[WhiteElo "2614"]
[LiveChessVersion "1.4.6"]

1. d4 d5 2. c4 e6 3. Nf3 Nf6 4. Nc3 Be7 5. Bf4 O-O 6. e3 Nbd7 7. c5 Nh5 8. Be2
Nxf4 9. exf4 b6 10. b4 a5 11. a3 c6 12. O-O Qc7 13. g3 Ba6 14. Re1 axb4 15. axb4
Bxe2 16. Nxe2 Bf6 17. Qc2 Qb7 18. Kg2 b5 19. Rab1 Ra3 20. Nc1 Bd8 21. Nd3 Bc7 22.
Nde5 Nf6 23. Ra1 Ra6 24. Rxa6 Qxa6 25. Qb2 Ra8 26. Ng5 Bxe5 27. dxe5 Nd7 28. Qc2
Nf8 29. Rb1 Qa2 30. Qd1 Ra4 31. Nf3 Qc4 32. Qd4 Qc2 33. Rb2 Qc1 34. g4 Ra1 35.
Re2 Ra3 36. Kg3 Qg1+ 0-1

[Event "Men-Tehran"]
[Site "?"]
[Date "2015.09.17"]
[Round "7.10"]
[White "Azadbakhsh, F."]
[Black "Pourramezanali, A."]
[Result "0-1"]
[BlackElo "2453"]
[WhiteElo "2104"]
[LiveChessVersion "1.4.6"]

1. Nf3 {[%clk 1:28:08]} d5 {[%clk 1:29:56]} 2. b3 {[%clk 1:28:30]} Nf6
{[%clk 1:30:19]} 3. Bb2 {[%clk 1:28:53]} Bg4 {[%clk 1:30:36]} 4. e3
{[%clk 1:28:33]} Nbd7 {[%clk 1:30:39]} 5. h3 {[%clk 1:27:52]} Bxf3
{[%clk 1:30:04]} 6. Qxf3 {[%clk 1:28:15]} e6 {[%clk 1:30:30]} 7. d3
{[%clk 1:25:34]} Bd6 {[%clk 1:30:50]} 8. g4 {[%clk 1:20:40]} O-O {[%clk 1:28:40]}
9. Be2 {[%clk 1:14:57]} Qe7 {[%clk 1:27:32]} 10. Qg2 {[%clk 1:13:45]} c6
{[%clk 1:21:16]} 11. O-O {[%clk 1:13:46]} Ne8 {[%clk 1:16:38]} 12. Nd2
{[%clk 1:02:18]} Ba3 {[%clk 1:16:43]} 13. Bxa3 {[%clk 1:00:42]} Qxa3
{[%clk 1:17:10]} 14. e4 {[%clk 0:42:46]} Nd6 {[%clk 1:13:10]} 15. c4
{[%clk 0:35:51]} Rfe8 {[%clk 0:46:47]} 16. Rfd1 {[%clk 0:32:30]} Rad8
{[%clk 0:44:53]} 17. Bf1 {[%clk 0:23:51]} dxc4 {[%clk 0:41:32]} 18. Nxc4
{[%clk 0:19:31]} Nxc4 {[%clk 0:41:34]} 19. dxc4 {[%clk 0:19:34]} e5
{[%clk 0:41:21]} 20. Qg3 {[%clk 0:16:25]} Qe7 {[%clk 0:39:59]} 21. Qe3
{[%clk 0:15:44]} b6 {[%clk 0:37:15]} 22. a4 {[%clk 0:13:02]} a5 {[%clk 0:35:42]}
23. Rd2 {[%clk 0:05:11]} Nc5 {[%clk 0:35:49]} 24. Rad1 {[%clk 0:03:43]} Rxd2
{[%clk 0:36:04]} 25. Qxd2 {[%clk 0:02:26]} Kf8 {[%clk 0:30:17]} 26. b4
{[%clk 0:00:33]} Ne6 {[%clk 0:30:46]} 27. c5 {[%clk 0:00:33]} Nd4
{[%clk 0:28:41]} 28. Qc1 {[%clk 0:00:36]} Rb8 {[%clk 0:27:48]} 29. bxa5
{[%clk 0:00:32]} bxa5 {[%clk 0:27:59]} 30. Qc3 {[%clk 0:00:34]} Rb4
{[%clk 0:28:20]} 31. Kg2 {[%clk 0:00:31]} Qf6 {[%clk 0:28:24]} 32. Rd3
{[%clk 0:00:32]} g6 {[%clk 0:27:53]} 33. Qc1 {[%clk 0:00:35]} Kg7
{[%clk 0:27:22]} 34. Ra3 {[%clk 0:00:39]} Ne6 {[%clk 0:26:45]} 35. Qc2
{[%clk 0:00:31]} Qe7 {[%clk 0:25:40]} 36. Rc3 {[%clk 0:00:41]} Qd8
{[%clk 0:26:09]} 37. Ra3 {[%clk 0:00:32]} Qd4 {[%clk 0:26:31]} 38. Qc3
{[%clk 0:00:31]} Qxe4+ {[%clk 0:25:44]} 39. f3 {[%clk 0:00:32]} Qd4
{[%clk 0:25:53]} 0-1